|
|
|
|
| LEADER |
00000nab a2200000 a 4500 |
| 001 |
vtls008414253 |
| 003 |
SK-MaSNL |
| 005 |
20260304171911.0 |
| 008 |
141112c2005 xo 0 cze |
| 015 |
|
|
|a SNBCL2005/5
|
| 035 |
|
|
|a SLK035508
|
| 040 |
|
|
|a SLKCL
|b slo
|c SNKBUCL
|e AACR2
|
| 041 |
1 |
|
|a cze
|
| 044 |
|
|
|a xo
|c SK
|
| 080 |
|
|
|a 616.94-001.36:82.09
|2 1981
|
| 245 |
0 |
0 |
|a Sepse v intenzívní péči
|
| 650 |
0 |
7 |
|a sepsa
|2 MESH
|9 14471
|
| 650 |
0 |
7 |
|a intenzívna starostlivosť
|2 MESH
|9 66540
|
| 650 |
0 |
7 |
|a infekcie meningokokové
|2 MESH
|9 864293
|
| 650 |
0 |
7 |
|a manažment choroby
|2 MESH
|9 1055332
|
| 650 |
0 |
7 |
|a diagnóza
|2 MESH
|9 2604
|
| 773 |
0 |
|
|t Interná medicína
|g Roč. 5, č. 7-8 (2005), s. 442
|x 1335-8359
|
| 787 |
0 |
8 |
|i Rec.:
|a Černý, Vladimír
|t Sepse v intenzivní péči. Vybraná doporučení v diagnostice a terapii
|d Praha : Maxdorf, s.r.o., 2005
|
| 850 |
|
|
|a Slovenská lekárska knižnica v Bratislave
|a BA006
|
| 852 |
|
|
|a BA006
|b KIS3GCP
|b 000500000
|
| 999 |
|
|
|c 2995481
|d 2997411
|